000 00701cam a2200145 4500500
005 20260208002441.0
041 _afre
042 _adc
100 1 0 _aMasset, Claude
_eauthor
245 0 0 _aPierre Déléage, La Croix et les Hiéroglyphes. Écritures et objets rituels chez les Amérindiens de Nouvelle-France (xviie-xviiie siècle), Paris, Éd. Rue d’Ulm/Presses de l’École normale supérieure – Musée du quai Branly, 2009, 154 p., bibl., ill., carte (« Æsthetica »)
260 _c2011.
500 _a36
786 0 _nL'Homme | 198-199 | 2 | 2011-07-01 | p. 433x-435x | 0439-4216
856 4 1 _uhttps://shs.cairn.info/revue-l-homme-2011-2-page-433x?lang=fr&redirect-ssocas=7080
999 _c1646419
_d1646419